000 00669nam a2200229 a 4500
008 951027s1990||||[C 0 slo c
020 _c17 Kčs.
_q(1500 výtl.)
040 _aSNK
_bslo
_cSNK
_eAACR2
041 1 _aslo
_hslo
044 _axo
_cSK
080 _a885.4-3
100 1 _aMurín, Gustáv
_4aut
245 1 0 _aNávraty zo svetla
_cGustáv Murín ; Dušan Nágel, Pavol Blažo
250 _a1., vyd.
260 _aBratislava
_bSlovenský spisovateľ
_c1990
_eBratislava
_fPravda
300 _a128 s., 7,14 AH
_c21 cm
490 0 _aNová próza
500 _aIlustr. na front.
700 1 _aNágel, Dušan
_4bkd
700 1 _aBlažo, Pavol
_4bkd
958 _aA
999 _c12282
_d12282